Statistics for Last Countries Alphabetically By Continent

Click here to take the quiz!

General Stats

  • This quiz has been taken 1,369 times
  • The average score is 5 of 6

Answer Stats

ContinentCountry% Correct
AfricaZimbabwe
99%
South AmericaVenezuela
92%
AsiaYemen
88%
Australia/OceaniaVanuatu
82%
North AmericaUnited States
79%
EuropeVatican CIty
64%

Score Distribution

Percentile by Number Answered

Percent of People with Each Score

Your Score History

You have not taken this quiz